European day of persons with disabilities 2019 28 - 29 November: conference report

Bibliographic Details
Format: eBook
Language:English
Published: Bruselas: European Union Publications Office, 2020
Subjects:
Online Access:Acceso restringido

MARC

LEADER 00000nam a22000007a 4500
005 20210819224313.0
007 cr|||| ||||
008 210819s2020 eu |||||s|||| 00||0 eng d
020 |a 978-92-76-19820-8 
035 |a 34550 
040 |a vLex 
090 |c 12079  |d 12079 
245 0 0 |a European day of persons with disabilities 2019  |h [Recurso electrn̤ico] :  |b 28 - 29 November: conference report 
256 |a Servicio en ln̕ea 
260 |a Bruselas:  |b European Union Publications Office,  |c 2020 
300 |a 1 recurso electrn̤ico 
500 |a The 2019 European Day of Persons with Disabilities (EDPD) was organised by the European Commission in partnership with the European Disability Forum (EDF), and with the support of Inclusion Europe and Autism Europe. It took place in Brussels on 28-29 November. The EDPD is part of the EU’s wider efforts to raise awareness and tackle everyday challenges faced by Europeans with disabilities. The 2019 edition posed several vital questions: Has the current European Disability Strategy, due to expire in 2020, achieved its goals? What can be done better in future policy to meet expectations in the disability area? What can we learn from colleagues outside the EU? How can we achieve Sports for All? Finally, what about the winners of this year’s Access City Award? The event brought together voices from a range of backgrounds with different expertise and stories to share. Policymakers, civil society representatives and equality advocates joined specialists and enthusiasts in sport to discuss ways to improve the lives of persons with disabilities. This report answers the above questions while providing an account of the main points and challenges highlighted by speakers and participants during the EDPD conference. 
506 1 |a Disponible solo en los productos indicados  |d vLex Global  |d vLex Global (Academic Edition, excluding Law Schools)  |d vLex Global (U.S. Academic Edition, Law Schools)  |d vLex Global (U.S. Academic Edition, excluding Law Schools)  |d vLex Global (Academic Edition, Law Schools) 
650 0 4 |a Derecho Constitucional  |z Unin̤ Europea 
740 0 |a vLex Libros (Servicio en ln̕ea) 
856 4 0 |u https://app.vlex.com/#/sources/34550  |z Acceso restringido 
942 |c BOOK 
999 0 |a Constitutional right